000 00490nam a2200169Ia 4500
005 20250806130719.0
008 231217s9999 xx 000 0 und d
020 _a978-0321176448
082 _a001.64404 KUR;14
100 _aKurose, James F. Ross, Keith W.
245 0 _aComputer networking : a top down approach featuring the internet
250 _a2nd ed.
260 _c2003
_bPearson
_aDelhi
300 _a750
650 _aComputer,networking,:,top,down,featuring
942 _cAA
999 _c174751
_d174751